Zmiernenie sociálnych dopadov v regióne
Spôsoby odstavenia jadrovej elektrárne V-1 Jaslovské Bohunice. Päť variantov vyraďovania s rôznou dobou a rôznym rozsahom ochranného uloženia, či uzatvorenia s dozorom. Odstavenie jadrovej elektrárne a jeho dopad na nezamestnanosť v regióne. Návrhy riešenia dopadov. Kontinuita v regióne.
Salvato in:
| Natura: | Capitolo di libro |
|---|---|
| Lingua: | slovacco |
| Soggetti: | |
| Tags: |
Nessun Tag, puoi essere il primo ad aggiungerne!!
|
MARC
| LEADER | 00000naa a2200000 4500 | ||
|---|---|---|---|
| 001 | r048899 | ||
| 005 | 20230927091626.4 | ||
| 041 | 0 | |a slo | |
| 044 | |a SK | ||
| 245 | 1 | 0 | |a Zmiernenie sociálnych dopadov v regióne |
| 520 | |a Spôsoby odstavenia jadrovej elektrárne V-1 Jaslovské Bohunice. Päť variantov vyraďovania s rôznou dobou a rôznym rozsahom ochranného uloženia, či uzatvorenia s dozorom. Odstavenie jadrovej elektrárne a jeho dopad na nezamestnanosť v regióne. Návrhy riešenia dopadov. Kontinuita v regióne. | ||
| 610 | 2 | 0 | |a elektrárne atómové |
| 610 | 2 | 0 | |a zrušenie podniku |
| 610 | 2 | 0 | |a nezamestnanosť |
| 610 | 2 | 0 | |a regióny |
| 610 | 2 | 0 | |a rekvalifikácia |
| 610 | 2 | 0 | |a miesta pracovné |
| 610 | 2 | 0 | |a podnikatelia |
| 610 | 2 | 0 | |a zamestnanosť |
| 610 | 2 | 0 | |a V-1 Jaslovské Bohunice |